000 00583nam a2200145 a 4500
001 000036719
005 20200930075908.0
008 120126s1971 mx ac 000 0 spa d
040 _aDO-SdBNP
_bspa
_cBNPHU
245 0 0 _aprogramas de alfabetizacion funcional.
246 1 0 _aLa alfabetización funcional:
_bun método de formación para el desarrollo económico
260 _aMéxico :
_bUNESCO,
_c1971.
300 _av. con varias paginaciones :
_bil., retrs. ;
_c29 cm.
710 2 _aSeminario operacional Latinoamericano de alfabetización funcional (del 3 al 26 de mayo de 1971)
_963031
999 _c36210
_d36210